000 01097nam a2200253 a 4500
001 000046458
005 20201002052902.0
008 100301d2015 dr f001 0 spa d
040 _aDO-SdBNP
_bspa
_cBNPHU
082 _a347.7293
_bR426c
110 1 _aRepública Dominicana.
_9447
240 1 0 _aCódigo de Procedimiento Civil
245 1 0 _aCódigo de procedimiento civil de la República Dominicana /
_ccompilación Trajano Vidal Potentini, Salvador Potentini.
246 1 3 _aCódigo de procedimiento civil de la República Dominicana y legislación complementaria /
250 _aedición actualizada
260 _aSanto Domingo :
_bEditora Dalí,
_c2015.
300 _a568 p. ;
_c24 cm.
500 _aModificado con más de 25 leyes y revidado con más de 30leyes ,diversas constituciones y los códigos vigentes y aprobados
650 4 _aDerecho civil
_xLegislación
_zRepública Dominicana
_96943
650 4 _aProcedimiento civil
_xLegislación
_zRepública Dominicana
_911714
650 4 _aLeyes
_zRepública Dominicana
_93033
700 1 _aTavárez, F.,
_epról.
_974460
049 _aBNPD
999 _c45947
_d45947